LEADER 01012nam0 22002531i 450 001 UON00211375 005 20231205103336.587 100 $a20030730d1950 |0itac50 ba 101 $afre 102 $aFR 105 $a|||| ||||| 200 1 $aˆLes ‰ premieres civilisations$fPierre Jouguet$gJacques Vandier$gGeorges Contenau 210 $aParis$cPresses Universitaires de France$d1950. XI$d765 p. ; 23 cm. 620 $aFR$dParis$3UONL002984 700 1$aJouguet$bPierre$3UONV127309$0204215 701 1$aCONTENAU$bGeorges$3UONV010140$0187062 701 1$aVANDIER$bJacques$3UONV043201$0487891 712 $aPresses Universitaires de France$3UONV245970$4650 801 $aIT$bSOL$c20251017$gRICA 899 $aSIBA - SISTEMA BIBLIOTECARIO DI ATENEO$2UONSI 912 $aUON00211375 950 $aSIBA - SISTEMA BIBLIOTECARIO DI ATENEO$dSI EUR A 0002 $eSI MR 37631 7 0002 996 $aPremieres civilisations$91261919 997 $aUNIOR LEADER 02648oas 2201057 a 450 001 9910134068503321 005 20251106213014.0 011 $a1616-7228 035 $a(DE-599)ZDB2063267-8 035 $a(DE-599)2063267-8 035 $a(OCoLC)48193245 035 $a(CONSER) 2001233899 035 $a(CKB)111025029846002 035 $a(EXLCZ)99111025029846002 100 $a20011023a20019999 sy 101 0 $aeng 135 $aurcnu|||||||| 181 $ctxt$2rdacontent 182 $cc$2rdamedia 183 $acr$2rdacarrier 200 00$aOcean dynamics 210 $aBerlin, Germany $cSpringer 300 $aRefereed/Peer-reviewed 300 $a"Theoretical, computational and observational oceanography"--Journal homepage. 311 08$a1616-7341 606 $aHydrography$vPeriodicals 606 $aOceanography$vPeriodicals 606 $aMarine meteorology$vPeriodicals 606 $aHydrographie$vPe?riodiques 606 $aOce?anographie$vPe?riodiques 606 $aMe?te?orologie maritime$vPe?riodiques 606 $aOceanography$2ebps 606 $aSurveying & Surveyors$2ebps 606 $aHydrography$2fast$3(OCoLC)fst00965102 606 $aMarine meteorology$2fast$3(OCoLC)fst01009724 606 $aOceanography$2fast$3(OCoLC)fst01043671 606 $aOceanografie$2gtt 608 $aPeriodicals.$2fast 608 $aPeriodicals.$2lcgft 615 0$aHydrography 615 0$aOceanography 615 0$aMarine meteorology 615 6$aHydrographie 615 6$aOce?anographie 615 6$aMe?te?orologie maritime 615 7$aOceanography. 615 7$aSurveying & Surveyors. 615 7$aHydrography. 615 7$aMarine meteorology. 615 7$aOceanography. 615 17$aOceanografie. 676 $a526.99 712 02$aSpringer (Firm), 801 0$bABC 801 1$bABC 801 2$bTJC 801 2$bGUA 801 2$bOCLCQ 801 2$bMUQ 801 2$bCGU 801 2$bOCL 801 2$bOCLCQ 801 2$bUKMGB 801 2$bMYG 801 2$bOCLCQ 801 2$bOCLCF 801 2$bVT2 801 2$bOCLCQ 801 2$bGUA 801 2$bW2U 801 2$bAZU 801 2$bFJM 801 2$bOCLCE 801 2$bUAB 801 2$bUKBOL 801 2$bWT2 801 2$bOCLCQ 801 2$bAU@ 801 2$bDLC 801 2$bNJT 801 2$bOCLCQ 801 2$bSRU 801 2$bUBY 801 2$bOCLCO 801 2$bOCLCQ 801 2$bOCLCL 801 2$bOCLCQ 906 $aJOURNAL 912 $a9910134068503321 996 $aOcean dynamics$91212016 997 $aUNINA